Văn học Tây Sơn

Tập chuyên luận, khảo cứu về văn học Tây Sơn, gồm những sáng tác văn học của những tác giả đã từng cộng tác với nhà Tây Sơn và ít nhiều có liện hệ về mặt tinh thần với nhà Tây Sơn như: Ngô Thế Lân, Nguyễn Thiếp, Ninh Tốn...

Shranjeno v:
Bibliografske podrobnosti
Drugi avtorji: Nguyễn Lộc (tuyển chon, giới thiệu)
Format: Knjiga
Jezik:Vietnamese
Izdano: Nghĩa Bình Sở Văn hoá thông tin Nghĩa Bình 1986
Teme:
Oznake: Označite
Brez oznak, prvi označite!
Thư viện lưu trữ: Mạng thư viện Đại học Đà Nẵng
LEADER 01464nam a2200349 4500
001 000005171
003 1314
005 20120423080458.0
008 110811s1986 viesd
020 |c 8000đ 
041 0 |a vie 
082 |a 895.922808  |b Văn 
245 0 |a Văn học Tây Sơn  |c Nguyễn Lộc tuyển chọn, giới thiệu 
260 |a Nghĩa Bình  |b Sở Văn hoá thông tin Nghĩa Bình  |c 1986 
300 |a 431 tr  |c 19 cm 
520 |a Tập chuyên luận, khảo cứu về văn học Tây Sơn, gồm những sáng tác văn học của những tác giả đã từng cộng tác với nhà Tây Sơn và ít nhiều có liện hệ về mặt tinh thần với nhà Tây Sơn như: Ngô Thế Lân, Nguyễn Thiếp, Ninh Tốn... 
653 |a Văn học cận đại 
653 |a Nghiên cứu văn học 
653 |a Việt Nam 
653 |a Tây Sơn 
700 |a Nguyễn Lộc  |e tuyển chon, giới thiệu 
910 |a Nguyễn Thị Kim Oanh  |d 11/ 08/ 2011 
OWN |a LSP 
AVA |a UDN50  |b LSP  |d 895.922808 Văn  |e available  |t Error 5001 Not defined in file expand_doc_bib_avail.  |f 5  |g 1  |h N  |i 0  |k 1 
999 |a From the UDN01 
AVA |a UDN50  |b LSP  |d 895.922808 Văn  |e available  |t Error 5001 Not defined in file expand_doc_bib_avail.  |f 5  |g 1  |h N  |i 0  |k 1 
TYP |a Monograph 
TYP |a Printed language 
980 |a Mạng thư viện Đại học Đà Nẵng